LEADER 01255nam a2200301 i 4500 001 991003274339707536 005 20020503185747.0 008 960929s1997 it ||| | ita 020 $a8883190777 035 $ab10482441-39ule_inst 035 $aEXGIL118051$9ExL 040 $aDip.to Filol. Ling. e Lett.$bita 082 0 $a453.028 082 0 $a458.1 100 1 $aDe Mauro, Tullio$0132346 245 10$aLessico e grammatica :$bteorie linguistiche e applicazioni lessicografiche :$batti del Convegno interannuale della Società di linguistica italiana :$bMadrid, 21-25 febbraio 1995 /$ca cura di Tullio De Mauro e Vincenzo Lo Cascio 260 $aRoma :$bBulzoni,$c1997 300 $ax, 462 p. ;$c22 cm. 490 0 $aPubblicazioni della Società di linguistica italiana ;$v36 650 4$aLingua italiana - Lessico$xCongressi - Madrid$y1995 700 1 $aLo Cascio, Vincenzo 710 2 $aSocietà di linguistica italiana 907 $a.b10482441$b21-02-17$c27-06-02 912 $a991003274339707536 945 $aLE008 FL.M. GL. D A 69$g1$i2008000018191$lle008$o-$pE0.00$q-$rl$s- $t0$u0$v0$w0$x0$y.i10556795$z27-06-02 996 $aLessico e grammatica$9213492 997 $aUNISALENTO 998 $ale008$b01-01-96$cm$da $e-$fita$git $h0$i1 LEADER 01149nam a2200241 i 4500 001 991002137769707536 008 070214s1981 it oa 000 0 ita d 035 $ab13481538-39ule_inst 040 $aISUFI - Sett. Patrimonio Culturale$bita 082 0 $a937.7 245 00$aSannio :$bPentri e Frentani dal 6. al 1. sec. a.C. :$bNapoli, Museo archeologico nazionale, dicembre 1981-gennaio 1982 260 $a[Roma] :$bMinistero per i beni culturali ed ambientali,$cstampa 1981 300 $a116 p. :$bill. ;$c24 cm 500 $aIn testa al front.: Soprintendenza archeologica delle province di Napoli e Caserta 500 $aGuida alla mostra 650 4$aScavi$xSannio$ySec. 6.-1. a. C.$xEsposizioni$y1980 907 $a.b13481538$b02-09-09$c14-02-07 912 $a991002137769707536 945 $aLE001 AR V 386 8°$g1$i2001000115976$lle001$nDono$og$pE10.00$q-$rl$s- $t0$u0$v0$w0$x0$y.i14520667$z23-07-07 945 $aLE016 ARC 1 225 $g1$i201600002530$lle016$nFondo Nenci$on$pE10.00$q-$rn$so $t0$u0$v0$w0$x0$y.i14368626$z14-02-07 996 $aSannio$9296005 997 $aUNISALENTO 998 $ale001$ale016$b14-02-07$cm$da $e-$fita$git $h0$i2